000 00604nas a2200217 4500
001 BR9210267
003 BR-BrBNA
005 20231205093343.0
007 ta
008 230509b bl.|||p| |||| 00| 00por d
040 _aBR-BrBNA
_bpor
_cBiblioteca Nacional de Agricultura
041 _a(Pt)
072 _aQ05
100 1 _aAnon.
245 1 _aAditivos: modernidade e subdesenvolvimento
650 _aADITIVO
650 _aENLATADO
773 0 _tRevista Nacional da Carne (Brazil)
_x
_g(Sep 1990), v. 14(164) p. 40-41
_wBR9210267
909 _a202311
_bLúcia
_c55
_dLúcia Elande
942 _2AGRIS
_n0
_cANA
999 _c137751
_d137751